000 00461aam a2200181 i 4500
001 2198
003 CO-MdBIC
005 20220404172339.0
008 220222b2011 spaa|||| |||| 00| 0 spa d
020 _a978-84-236-9963-6
040 _bspa.
082 0 4 _a823
_222
_bP665
100 1 _aSophie Piper
245 1 0 _aTodos necesitamos: Un beso
260 _aEspaña : Edebé
505 0 0 _aTodos necesitamos: Un amigo -- Un abrazo -- Amor -- Un Beso
942 _cLGB
999 _c49344
_d49344